000
00260nam a22000977a 4500
008
240902b |||||||| |||| 00| 0 eng d
020
_a
9789355571243
100
_a
Sharma Savita
_9
7796
245
_a
Home Science-XII
260
_a
New Delhi
_b
New Saraswati House
_c
2022
999
_c
12642
_d
12642